[Event "ch-SCO"]
[Site "Edinburgh SCO"]
[Date "2003.04.05"]
[Round "1"]
[White "Grant,A"]
[Black "Kafka,G"]
[Result "0-1"]
[WhiteElo "2271"]
[BlackElo "2103"]
[EventDate "2003.04.05"]

1. c4 e5 2. g3 d6 3. Bg2 f5 4. Nc3 Nf6 5. d3 g6 6. Nf3 Bg7 7. O-O O-O 8.
Rb1 c6 9. b4 Kh8 10. b5 Be6 11. bxc6 bxc6 12. Ba3 Re8 13. Ng5 Bg8 14. Rb7
Nfd7 15. Qd2 h6 16. Nf3 Nb6 17. c5 dxc5 18. Bxc5 N8d7 19. Bd6 Re6 20. Bxe5
Nxe5 21. Nxe5 Rxe5 22. Bxc6 Rc8 23. Bf3 Re7 24. Rxe7 Qxe7 25. Nb1 Bd5 26.
Bxd5 Nxd5 27. e3 Qb4 28. Rc1 Rxc1+ 29. Qxc1 Nc3 30. Nxc3 Qxc3 31. Qxc3 Bxc3
32. f4 Kg7 33. Kf2 Kf6 34. Kf3 Bd2 35. h3 g5 36. g4 gxf4 37. Kxf4 fxg4 38.
hxg4 Ba5 39. d4 Bc7+ 40. Kf3 Kg5 41. a4 a5 42. e4 Bb6 43. d5 Bc7 44. Ke3
Kxg4 45. Kd4 Kf4 0-1

[Event "ch-SCO"]
[Site "Edinburgh SCO"]
[Date "2003.04.05"]
[Round "1"]
[White "Motwani,P"]
[Black "Redpath,J"]
[Result "1-0"]
[WhiteElo "2528"]
[BlackElo "2193"]
[EventDate "2003.04.05"]

1. d4 d6 2. e4 Nf6 3. Nc3 c6 4. f4 Qa5 5. e5 Ne4 6. Qf3 d5 7. Bd3 Na6 8.
Nge2 f5 9. exf6 exf6 10. Bxe4 dxe4 11. Qxe4+ Kf7 12. O-O Bf5 13. Qf3 Nb4
14. g4 Nxc2 15. gxf5 Nxa1 16. Bd2 Nb3 17. axb3 Qxf5 18. Ng3 Qc2 19. Nce4
Qxb2 20. Ng5+ fxg5 21. fxg5+ Ke8 22. Qe2+ Be7 23. Nf5 1-0

[Event "ch-SCO"]
[Site "Edinburgh SCO"]
[Date "2003.04.05"]
[Round "1"]
[White "Brown,Ste"]
[Black "Orr,M"]
[Result "1/2-1/2"]
[WhiteElo "2174"]
[BlackElo "2362"]
[EventDate "2003.04.05"]

1. d4 d5 2. Nf3 Nf6 3. g3 Bf5 4. Bg2 e6 5. O-O h6 6. c4 c6 7. Qb3 Qb6 8.
Nc3 Nbd7 9. c5 Qxb3 10. axb3 a6 11. b4 Rc8 12. Nh4 Bh7 13. f4 Be7 14. Nf3
O-O 15. Ne5 Rcd8 16. Bd2 Ne8 17. Nxd7 Rxd7 18. e3 Nc7 19. Rf2 f6 20. Bh3
Rdd8 21. Bf1 Rf7 22. Be2 Bf8 23. Bh5 Re7 24. Re1 Bd3 25. Be2 Bxe2 26. Rfxe2
g6 27. Rf2 Bg7 28. g4 Kh7 29. Ref1 f5 30. h3 Ne8 31. Rg2 Bf6 32. Kf2 Rg7
33. Ne2 Bh4+ 34. Kg1 Be7 35. Nc1 Nf6 36. Nd3 Ne4 37. Ne5 Bf6 38. gxf5 gxf5
39. Rxg7+ Bxg7 40. Be1 Rg8 41. Kh2 Bxe5 42. fxe5 Kg7 43. Rg1+ Kf7 44. Rxg8
Kxg8 45. h4 h5 46. Kg2 Kf7 47. Kf3 Ke7 48. Ke2 Kd7 49. Kd3 Kc7 50. Kc2 b6
51. Kb3 Kb7 52. cxb6 Kxb6 53. Ka4 Kb7 54. Kb3 Ka7 55. Ka3 Kb7 1/2-1/2

[Event "ch-SCO"]
[Site "Edinburgh SCO"]
[Date "2003.04.05"]
[Round "1"]
[White "MacDonald,C"]
[Black "Grant,J"]
[Result "1/2-1/2"]
[WhiteElo "2019"]
[BlackElo "2253"]
[EventDate "2003.04.05"]

1. c4 e6 2. Nf3 d5 3. b3 c5 4. g3 Nc6 5. Bg2 d4 6. d3 Bd6 7. e3 e5 8. exd4
exd4 9. O-O h6 10. Nbd2 f5 11. Nh4 Qf6 12. Qh5+ Qf7 13. Qg6 Nf6 14. Re1+
Ne7 15. Bd5 Qxg6 16. Nxg6 Rh7 17. Ba3 Nfxd5 18. cxd5 Kf7 19. Nxe7 Bxe7 20.
Re2 b5 21. Rae1 Bd6 22. Rc1 Bb7 23. Re6 Bf8 24. Re5 g6 25. Bxc5 Rc8 26. b4
Bd6 27. Re6 Bxc5 28. Rxc5 Rxc5 29. bxc5 Bxd5 30. Ra6 Ke8 31. Nb3 Rc7 32.
Nxd4 Rxc5 33. Kf1 Kf7 34. Rxa7+ Kf6 35. f4 Rc1+ 36. Ke2 Rh1 37. Ra6+ Kg7
38. Nxb5 Rxh2+ 39. Ke3 Rg2 40. Ra7+ Kf8 41. Kd4 Bxa2 42. Ra8+ Kg7 43. Ra7+
Kf8 1/2-1/2

[Event "ch-SCO"]
[Site "Edinburgh SCO"]
[Date "2003.04.05"]
[Round "1"]
[White "McNab,C"]
[Black "Robertson,I"]
[Result "0-1"]
[WhiteElo "2412"]
[BlackElo "2182"]
[EventDate "2003.04.05"]

1. c4 Nc6 2. Nf3 Nf6 3. Nc3 e6 4. e4 Bb4 5. Qc2 d6 6. h3 O-O 7. Ne2 d5 8.
e5 d4 9. exf6 d3 10. Qb1 dxe2 11. Bxe2 Qxf6 12. O-O e5 13. Bd3 Bxh3 14.
Bxh7+ Kh8 15. Be4 Bg4 16. Nh2 Nd4 17. Nxg4 Ne2+ 18. Kh1 Ng3+ 19. fxg3 Qxf1+
20. Kh2 f5 21. Ne3 Qf2 22. Bxf5 Bc5 23. Bg6 Rad8 24. d4 Rxd4 25. Nf5 Rg4
26. Bh5 Rxf5 27. Bxg4 Qg1+ 28. Kh3 Qh1+ 0-1

[Event "ch-SCO"]
[Site "Edinburgh SCO"]
[Date "2003.04.05"]
[Round "1"]
[White "Fraser,M"]
[Black "Arakhamia,K"]
[Result "1/2-1/2"]
[WhiteElo "2186"]
[BlackElo "2413"]
[EventDate "2003.04.05"]

1. Nf3 Nf6 2. c4 g6 3. Nc3 Bg7 4. g3 c5 5. Bg2 Nc6 6. d4 cxd4 7. Nxd4 O-O
8. O-O Nxd4 9. Qxd4 d6 10. Qd3 Nd7 11. b3 Nc5 12. Qd2 a5 13. Rb1 Bf5 14. e4
Bd7 15. Bb2 Bc6 16. Nd5 f6 17. Rfd1 Kh8 18. Qe3 b5 19. cxb5 Bxb5 20. Ba3
Na6 21. Rbc1 Re8 22. e5 fxe5 23. Nc3 Bd7 24. Ne4 Nb4 25. Bxb4 axb4 26. Ng5
Qa5 27. Bd5 h6 28. Nf7+ Kh7 29. Rc4 Qa7 30. Qf3 Rac8 31. Rh4 Rf8 32. Ng5+
Kh8 33. Nf7+ Kh7 34. Ng5+ 1/2-1/2

[Event "ch-SCO"]
[Site "Edinburgh SCO"]
[Date "2003.04.05"]
[Round "1"]
[White "Stevenson,J"]
[Black "Gourlay,I"]
[Result "1/2-1/2"]
[WhiteElo "2124"]
[BlackElo "2276"]
[EventDate "2003.04.05"]

1. e4 c5 2. d4 cxd4 3. c3 Nf6 4. e5 Nd5 5. cxd4 e6 6. Nf3 d6 7. a3 Nc6 8.
exd6 Bxd6 9. Bc4 O-O 10. O-O Bd7 11. Re1 Rc8 12. Bd3 Nf4 13. Bc2 Ne7 14.
Nc3 Bc6 15. Ne4 Bb8 16. g3 Nfg6 17. h4 Qd5 18. Neg5 h6 19. Be4 Qd7 20. h5
hxg5 21. hxg6 Nxg6 22. Nxg5 Bxe4 23. Rxe4 Rfe8 24. Qh5 Rc4 25. Bd2 e5 26.
Rae1 Rxd4 27. Qh7+ Kf8 28. Bb4+ Bd6 29. Rxd4 exd4 30. Rxe8+ Kxe8 31. Bxd6
Qxd6 32. Qxg7 Ne5 33. Ne4 Qe6 34. Qh8+ Ke7 35. Qh4+ Kf8 36. Qd8+ Kg7 37.
Qxd4 f6 38. Kg2 Qf5 39. Qe3 Nc4 40. Qd4 Ne5 41. Nd2 Nd3 42. Nf3 Ne5 43.
Nxe5 fxe5 44. Qd5 b6 45. b4 Kg6 46. Qc6+ Kg5 47. Qd5 Kg6 48. a4 Kh6 49. a5
bxa5 50. bxa5 Kg6 51. Qd6+ Kg5 52. Qd5 Kg6 53. a6 Kh6 54. Qf3 Qd7 55. Qe3+
Kh7 56. Qe4+ Kh6 57. g4 Qc7 58. Qd5 Qb6 59. Qb7 Qd4 60. Qf3 Kg7 61. Kg3 e4
62. Qf4 Qd3+ 63. Kh4 Qxa6 64. Qxe4 Qf6+ 65. Kg3 a5 66. Qb7+ Kh6 67. Qh1+
Kg7 68. Qb7+ Kh6 69. Qh1+ Kg7 70. Qb7+ 1/2-1/2

[Event "ch-SCO"]
[Site "Edinburgh SCO"]
[Date "2003.04.06"]
[Round "2"]
[White "Grant,J"]
[Black "Pritchett,C"]
[Result "1/2-1/2"]
[WhiteElo "2253"]
[BlackElo "2318"]
[EventDate "2003.04.05"]

1. c4 e5 2. Nc3 Nf6 3. Nf3 Nc6 4. g3 Bb4 5. Nd5 a5 6. Bg2 O-O 7. O-O Re8 8.
e3 Bf8 9. d4 d6 10. h3 h6 11. Nxf6+ Qxf6 12. d5 Ne7 13. e4 g5 14. Nh2 Qg7
15. Qh5 Qg6 16. Qxg6+ fxg6 17. Be3 b6 18. a4 Bg7 19. Ra3 Bd7 20. Bd2 Ra7
21. Rfa1 Rea8 22. f3 Kf7 23. Nf1 Rc8 24. Ne3 Ng8 25. Nd1 Nf6 26. Nc3 Bf8
27. b3 Be8 28. Ne2 Nd7 29. b4 axb4 30. Bxb4 Rca8 31. Nc3 Nc5 32. Bxc5 dxc5
33. Kf2 Bd6 34. Ke3 Bd7 35. Kd3 Ke7 36. Kc2 Ra5 37. Kb2 h5 1/2-1/2

[Event "ch-SCO"]
[Site "Edinburgh SCO"]
[Date "2003.04.06"]
[Round "2"]
[White "Robertson,I"]
[Black "Motwani,P"]
[Result "0-1"]
[WhiteElo "2182"]
[BlackElo "2528"]
[EventDate "2003.04.05"]

1. d4 Nf6 2. c3 d5 3. Bg5 Ne4 4. Bf4 e6 5. Nd2 Bd6 6. Bxd6 Qxd6 7. Nxe4
dxe4 8. e3 e5 9. Qc2 f5 10. dxe5 Qxe5 11. Bc4 Nc6 12. Nh3 Bd7 13. O-O-O Qe7
14. Nf4 Ne5 15. Be2 O-O-O 16. h4 g6 17. Rd5 Bc6 18. Rd4 Rhe8 19. Qb3 Bd7
20. Rb4 b6 21. Rd4 Kb8 22. h5 g5 23. Nd5 Qe6 24. Qa3 Bc8 25. Rhd1 c5 26.
Nc7 Kxc7 27. Rxd8 Rxd8 28. Qxa7+ Bb7 29. Rxd8 Nc6 0-1

[Event "ch-SCO"]
[Site "Edinburgh SCO"]
[Date "2003.04.06"]
[Round "2"]
[White "Burnett,A"]
[Black "Fraser,M"]
[Result "0-1"]
[WhiteElo "2145"]
[BlackElo "2186"]
[EventDate "2003.04.05"]

1. e4 e6 2. d4 d5 3. Nc3 Nf6 4. e5 Nfd7 5. Nf3 c5 6. dxc5 Nc6 7. Bf4 Nxc5
8. Be2 Bd7 9. O-O h6 10. a3 g5 11. Bg3 h5 12. h4 Be7 13. hxg5 Bxg5 14. Nb5
Ne4 15. Nxg5 Qxg5 16. Nc7+ Ke7 17. Nxa8 Rxa8 18. Bh2 Rg8 19. g3 Qxe5 20.
Bf3 f5 21. Bg2 Qg7 22. a4 Ne5 23. Ra3 Bc6 24. b4 Nc4 25. b5 Nxa3 26. bxc6
bxc6 27. Qd3 Qb2 28. Qe3 h4 29. Qxa7+ Kf6 30. Qh7 Rg7 31. Qxh4+ Kf7 32. Bf3
Qf6 33. Qh8 Rxg3+ 0-1

[Event "ch-SCO"]
[Site "Edinburgh SCO"]
[Date "2003.04.06"]
[Round "2"]
[White "Arakhamia,K"]
[Black "Brown,Ste"]
[Result "1-0"]
[WhiteElo "2413"]
[BlackElo "2174"]
[EventDate "2003.04.05"]

1. e4 c5 2. Nf3 Nc6 3. d4 cxd4 4. Nxd4 Nf6 5. Nc3 e5 6. Ndb5 d6 7. Nd5 Nxd5
8. exd5 Nb8 9. Be3 Be7 10. Qd2 a6 11. Na3 O-O 12. Nc4 Nd7 13. Be2 f5 14. f4
e4 15. a4 Nf6 16. a5 Bd7 17. Nb6 Rb8 18. O-O Be8 19. b4 Nd7 20. Na4 Bf6 21.
Ra3 Qe7 22. c4 Bf7 23. c5 Rfc8 24. Rc1 h6 25. c6 Nf8 26. Ba7 e3 27. Rxe3
1-0

[Event "ch-SCO"]
[Site "Edinburgh SCO"]
[Date "2003.04.06"]
[Round "2"]
[White "Kafka,G"]
[Black "Spencer,E"]
[Result "1-0"]
[WhiteElo "2103"]
[BlackElo "2197"]
[EventDate "2003.04.05"]

1. e4 c5 2. Nf3 g6 3. d4 cxd4 4. Nxd4 Bg7 5. c4 Nc6 6. Be3 Nf6 7. Nc3 Ng4
8. Qxg4 Nxd4 9. Qd1 Ne6 10. Rc1 Qa5 11. a3 b6 12. Bd3 Qe5 13. O-O g5 14. b4
Bb7 15. Nd5 h5 16. Bd2 Qd6 17. Bc3 Be5 18. c5 bxc5 19. bxc5 Qb8 20. g3 h4
21. Bxe5 Qxe5 22. Qb3 Bc6 23. Qc3 Qxc3 24. Rxc3 Rc8 25. Ba6 Rb8 26. Bd3 Nd4
27. Rcc1 hxg3 28. hxg3 g4 29. f4 Nf3+ 30. Kf2 Rh2+ 31. Ke3 Rbb2 32. Rb1 f5
33. Rxb2 Rxb2 34. Rb1 Rg2 35. Rb8+ Kf7 36. Rh8 e6 37. Nb4 Kg7 38. Rd8 Ba4
39. exf5 Nh2 40. fxe6 dxe6 41. c6 Bxc6 42. Nxc6 a6 43. Ne5 Rxg3+ 44. Kf2
Rh3 45. Rd7+ Kg8 46. a4 a5 47. Kg2 Rh6 48. Bc4 Kf8 49. Ra7 Nf3 50. Nxf3 1-0

[Event "ch-SCO"]
[Site "Edinburgh SCO"]
[Date "2003.04.06"]
[Round "2"]
[White "Orr,M"]
[Black "Stevenson,J"]
[Result "1-0"]
[WhiteElo "2362"]
[BlackElo "2124"]
[EventDate "2003.04.05"]

1. d4 Nf6 2. Nf3 d5 3. c4 dxc4 4. e3 Bg4 5. Bxc4 e6 6. Qb3 Bxf3 7. gxf3
Nbd7 8. Nc3 Nb6 9. Be2 Be7 10. O-O O-O 11. Rd1 c6 12. Ne4 Qc7 13. Nxf6+
Bxf6 14. f4 Rad8 15. Bd2 Nd5 16. Qc2 a5 17. a3 Be7 18. Rac1 g6 19. Bf3 Ra8
20. Kh1 Rfd8 21. Rg1 Kh8 22. Rg2 Bf6 23. Be4 Ne7 24. Bc3 Nd5 25. Bd2 Ne7
26. Rgg1 Qd7 27. Qd1 Kg8 28. Qf3 Bg7 29. h4 Nd5 30. h5 Nf6 31. hxg6 hxg6
32. Rc5 Nxe4 33. Qxe4 a4 34. Qf3 Qe7 35. Bb4 Qh4+ 36. Kg2 Bf8 37. Rh1 Qf6
38. Bc3 Qe7 39. Qh3 Bg7 40. Qh7+ Kf8 41. Bb4 Rd6 42. Rhc1 Rad8 43. e4 Qf6
44. e5 Qxf4 45. exd6 Bxd4 46. R5c2 Ke8 47. Qh3 Kd7 48. Qf3 Qg5+ 49. Kf1
Qb5+ 50. Ke1 f5 51. Bc5 e5 52. Qe2 Qa5+ 53. Qd2 Qb5 54. Qb4 Qa6 55. Qc4
Qxc4 56. Rxc4 Bxc5 57. Rxc5 Kxd6 58. Rd1+ Kxc5 59. Rxd8 Kc4 60. Kd2 e4 61.
Rg8 f4 62. Rxg6 Kb3 63. Kc1 Kc4 64. Rg4 1-0

[Event "ch-SCO"]
[Site "Edinburgh SCO"]
[Date "2003.04.07"]
[Round "3"]
[White "McNab,C"]
[Black "Burnett,A"]
[Result "1-0"]
[WhiteElo "2412"]
[BlackElo "2145"]
[EventDate "2003.04.05"]

1. c4 Nc6 2. Nf3 e5 3. Nc3 g6 4. d4 exd4 5. Nxd4 Bg7 6. Nxc6 bxc6 7. g3 Ne7
8. Bg2 O-O 9. O-O d6 10. Bg5 Rb8 11. Qd2 c5 12. Rad1 Be6 13. b3 f6 14. Bh6
Qc8 15. Bxg7 Kxg7 16. Rfe1 h5 17. h4 Bh3 18. Bh1 a5 19. Nb5 Nf5 20. Qxa5
Rf7 21. Qc3 g5 22. hxg5 h4 23. e4 hxg3 24. fxg3 Ne7 25. gxf6+ Rxf6 26. e5
dxe5 27. Rxe5 Nf5 28. Rxc5 Kg6 29. Rxc7 Qf8 30. Be4 Bg4 31. Rdd7 Re8 32.
Qd3 Qh6 33. Rg7+ Qxg7 34. Rxg7+ Kxg7 35. Nc3 Nd6 36. Qd4 Bf5 37. Bxf5 Nxf5
38. Qg4+ Kf8 39. Nd5 Rf7 40. Qh5 Re1+ 41. Kg2 Kg8 42. Qg5+ Kf8 43. Qd2 Re6
44. Nf4 Rd6 45. Qb4 Kg8 46. c5 Rd4 47. Qb8+ Kh7 48. Qe8 Rg7 49. Qh5+ Nh6
50. Kf3 Rd2 51. c6 Rc2 52. Qe5 Rc1 53. b4 Rf1+ 54. Ke2 Rf2+ 55. Ke1 Rxa2
56. c7 Rxg3 57. Qe4+ Kh8 58. c8=Q+ Ng8 59. Qe5+ Kh7 60. Qcf5+ Kh6 61. Qh8+
1-0

[Event "ch-SCO"]
[Site "Edinburgh SCO"]
[Date "2003.04.07"]
[Round "3"]
[White "Fraser,M"]
[Black "Orr,M"]
[Result "1-0"]
[WhiteElo "2186"]
[BlackElo "2362"]
[EventDate "2003.04.05"]

1. e4 c6 2. d4 d5 3. Nc3 g6 4. h3 Bg7 5. Nf3 Nh6 6. e5 O-O 7. Bf4 f6 8. Qd2
g5 9. Be3 Nf5 10. O-O-O Nxe3 11. Qxe3 Bf5 12. g4 Bg6 13. h4 h6 14. hxg5
fxg5 15. Bd3 Bxd3 16. Qxd3 e6 17. Rxh6 Rxf3 18. Qg6 Kf8 19. Rdh1 Qd7 20.
Rh8+ Bxh8 21. Rxh8+ Ke7 22. Qg7+ 1-0

[Event "ch-SCO"]
[Site "Edinburgh SCO"]
[Date "2003.04.07"]
[Round "3"]
[White "Motwani,P"]
[Black "Kafka,G"]
[Result "1/2-1/2"]
[WhiteElo "2528"]
[BlackElo "2103"]
[EventDate "2003.04.05"]

1. e4 c5 2. c3 d5 3. exd5 Qxd5 4. d4 Nf6 5. Nf3 cxd4 6. cxd4 e6 7. Nc3 Qd6
8. Bd3 Nc6 9. O-O Be7 10. Be3 Nb4 11. Rc1 a6 12. Bb1 Bd7 13. Ne5 Nbd5 14.
Qf3 Nxc3 15. bxc3 Bc6 16. Qg3 g6 17. Bh6 Bf8 18. Bxf8 Rxf8 19. Qh4 Qe7 20.
Nxc6 bxc6 21. c4 h5 22. Rfd1 Rh8 23. d5 cxd5 24. cxd5 Nxd5 25. Qd4 Qf6 26.
Qc5 Rd8 27. Be4 Qe7 28. Qd4 Qf6 29. Qc5 Qe7 30. Qc6+ Kf8 31. Bxd5 Rxd5 32.
Rxd5 exd5 33. Qxd5 Kg7 34. Qd4+ Kh7 35. Rd1 Re8 36. h3 Qe5 37. Qa4 Qe6 38.
Rf1 Rd8 39. Kh2 Qd6+ 40. g3 Qe6 41. Qa3 Rd2 42. Qb3 Rxa2 43. Qxe6 fxe6 44.
Kg2 Kg7 45. Rc1 a5 46. Rc5 Kf6 47. g4 hxg4 48. hxg4 g5 49. Kg3 a4 50. Ra5
Ra1 51. Kg2 a3 52. Kh2 a2 53. Kg2 Ke7 54. Kh2 Kd6 55. Kg2 Kc6 56. Ra8 Kd5
57. Ra5+ Kc4 58. Ra8 Kd5 1/2-1/2

[Event "ch-SCO"]
[Site "Edinburgh SCO"]
[Date "2003.04.07"]
[Round "3"]
[White "Brown,Ste"]
[Black "Robertson,I"]
[Result "1/2-1/2"]
[WhiteElo "2174"]
[BlackElo "2182"]
[EventDate "2003.04.05"]

1. d4 Nf6 2. Nf3 e6 3. Bg5 Be7 4. Nbd2 Nc6 5. e4 d5 6. e5 Ne4 7. Bxe7 Qxe7
8. c3 f5 9. exf6 Nxf6 10. Bb5 O-O 11. O-O Bd7 12. Re1 Nd8 13. Bxd7 Nxd7 14.
Re3 Rf6 15. Qe2 Nf7 16. Re1 Nf8 17. b4 a5 18. b5 a4 19. c4 dxc4 20. d5 e5
21. Nxe5 Nxe5 22. Rxe5 Qd7 23. Qxc4 Ng6 24. R5e4 Kh8 25. Nf3 h6 26. h4 Rf5
27. Re6 Nf4 28. Re7 Qxd5 29. Qxc7 Rg8 30. Qxb7 Qxa2 31. Qd7 Rf6 32. Qd4 Qb3
33. R7e4 Nxg2 34. Kxg2 Qxf3+ 35. Kf1 Rgf8 36. Rg4 Qh1+ 37. Rg1 Qh3+ 38. Ke2
Qf3+ 39. Kd2 Qb3 40. f3 Qxb5 41. Re7 Qa5+ 42. Ke2 Qa6+ 43. Ke1 Re6+ 44.
Rxe6 Qxe6+ 45. Kf2 Qf7 46. Qc3 Qe7 47. Rg4 a3 48. Ra4 Re8 49. Kg3 Qd6+ 50.
f4 Qg6+ 51. Kf2 Qg4 52. Qf3 Qxh4+ 53. Kg2 Re6 54. Rxa3 Rg6+ 55. Kf1 Qh2 56.
Ra8+ Kh7 57. Qe4 Qg1+ 58. Ke2 Qg2+ 59. Qxg2 Rxg2+ 60. Kf3 Rb2 61. Kg4 Rb6
62. Ra5 Kg6 63. Rc5 Rf6 64. f5+ Kh7 65. Rc8 Ra6 66. Rc4 Ra1 67. Rc7 Rg1+
68. Kh4 Rh1+ 1/2-1/2

[Event "ch-SCO"]
[Site "Edinburgh SCO"]
[Date "2003.04.07"]
[Round "3"]
[White "MacDonald,C"]
[Black "Redpath,J"]
[Result "1/2-1/2"]
[WhiteElo "2019"]
[BlackElo "2193"]
[EventDate "2003.04.05"]

1. c4 b6 2. Nc3 Bb7 3. e4 e6 4. g3 c5 5. Bg2 Nc6 6. Nge2 d6 7. O-O Nge7 8.
d3 g6 9. f4 Bg7 10. h3 O-O 11. g4 f5 12. Ng3 Nd4 13. g5 Qd7 14. h4 a6 15.
Rb1 b5 16. b3 Rfd8 17. Bb2 d5 18. e5 dxc4 19. dxc4 Bxg2 20. Kxg2 Qc6+ 21.
Kh3 bxc4 22. bxc4 Rab8 23. Ba3 Rxb1 24. Qxb1 Nc8 25. Qb8 Bf8 26. Rb1 Qf3
27. Qc7 Qxc3 28. Rb3 Nxb3 29. Qxd8 Ne7 30. axb3 Qxb3 31. Bxc5 Kf7 32. Bxe7
Bxe7 33. Qh8 Qxc4 34. Qxh7+ Ke8 35. Qxg6+ Kd7 36. Nxf5 Qf1+ 37. Kg3 Qd3+
38. Kg4 Qe2+ 39. Kh3 Qf1+ 40. Kg3 Qd3+ 41. Kg4 Qe2+ 42. Kg3 1/2-1/2

[Event "ch-SCO"]
[Site "Edinburgh SCO"]
[Date "2003.04.07"]
[Round "3"]
[White "Spencer,E"]
[Black "Grant,J"]
[Result "1-0"]
[WhiteElo "2197"]
[BlackElo "2253"]
[EventDate "2003.04.05"]

1. d4 Nf6 2. Bf4 e6 3. e3 b6 4. Nf3 Bb7 5. Nbd2 Be7 6. h3 d6 7. Bd3 c5 8.
c3 Nc6 9. Qe2 O-O 10. O-O Rc8 11. Rad1 Re8 12. dxc5 bxc5 13. Bh2 Qc7 14.
Nc4 e5 15. e4 Bf8 16. Nfd2 g6 17. Ne3 Bg7 18. Bb5 Red8 19. f3 Rb8 20. Ndc4
a6 21. Ba4 Qe7 22. Rd3 Ne8 23. Nd5 Qf8 24. f4 Ne7 25. Ndb6 d5 26. exd5 e4
27. Qxe4 Nf6 28. Qe2 Nexd5 29. f5 Nxb6 30. Nxb6 Bxg2 31. Rxd8 Qxd8 32. Qxg2
Rxb6 33. fxg6 hxg6 34. Bb3 Qe7 35. Bf4 c4 36. Bxc4 Qc5+ 37. Qf2 Qxf2+ 38.
Rxf2 Nh5 39. Be3 Rd6 40. Rxf7 Kh8 41. Ra7 Rd1+ 42. Kg2 Rb1 43. Ra8+ Kh7 44.
Bg8+ Kh8 45. Bf7+ Kh7 46. Rxa6 Rxb2+ 47. Kf3 Bf6 48. c4 Rh2 49. Be6 Rh1 50.
Kg2 Re1 51. Kf3 Rf1+ 52. Ke4 Re1 53. Kd3 Be5 54. Ra7+ Kh8 55. Bf7 Kg7 56.
Be8+ Kf6 57. Ra6+ Kg7 58. Rxg6+ Kf8 59. Re6 Rd1+ 60. Ke2 Ra1 61. Rxe5 Rxa2+
62. Kf3 Nf6 63. Rf5 Ke7 64. Bg5 Ra3+ 65. Kg2 Ra2+ 66. Kg3 Ra3+ 67. Kh4 Kxe8
68. Rxf6 Ra4 69. Rf4 Kd7 70. Kg4 Ke6 71. h4 Ra1 72. Kh5 Ke5 73. Bf6+ Kxf4
74. Bxa1 1-0

[Event "ch-SCO"]
[Site "Edinburgh SCO"]
[Date "2003.04.08"]
[Round "4"]
[White "Spencer,E"]
[Black "Pritchett,C"]
[Result "0-1"]
[WhiteElo "2197"]
[BlackElo "2318"]
[EventDate "2003.04.05"]

1. d4 Nf6 2. Bf4 e6 3. e3 c5 4. Nf3 Be7 5. h3 b6 6. Nc3 cxd4 7. Nb5 d6 8.
exd4 O-O 9. Nc3 Bb7 10. Bd3 Nbd7 11. O-O a6 12. a4 Re8 13. Re1 Bf8 14. Ne4
Nxe4 15. Bxe4 Bxe4 16. Rxe4 Nf6 17. Re2 Nd5 18. Bd2 b5 19. Ra2 Qc7 20. Ne1
Qc4 21. Ra3 Qxd4 22. Nf3 Qxb2 23. Rb3 Qf6 24. Bg5 Qg6 25. Qd2 h6 26. Be3
bxa4 27. Ra3 Rec8 28. Bd4 Rc4 29. g3 Rac8 30. Nh4 Qxc2 31. Qxc2 Rxc2 32.
Rxc2 Rxc2 33. Rxa4 Rc6 34. Nf3 Be7 35. Kg2 Bf6 36. Ba7 Nc3 37. Ra5 Nb5 38.
Be3 e5 39. Ra4 d5 0-1

[Event "ch-SCO"]
[Site "Edinburgh SCO"]
[Date "2003.04.08"]
[Round "4"]
[White "Robertson,I"]
[Black "Gourlay,I"]
[Result "0-1"]
[WhiteElo "2182"]
[BlackElo "2276"]
[EventDate "2003.04.05"]

1. d4 Nf6 2. c3 e6 3. Bg5 c5 4. e3 b6 5. Nd2 Be7 6. Ngf3 O-O 7. Bd3 Nc6 8.
O-O cxd4 9. exd4 Nd5 10. Bxe7 Qxe7 11. Re1 Rb8 12. Nc4 b5 13. Ne3 Qd6 14.
Qd2 Nce7 15. Ne5 f6 16. Nf3 Bb7 17. Qc2 g6 18. Nxd5 Bxd5 19. Be4 Rfc8 20.
Bxd5 Qxd5 21. b3 Rc7 22. Qd3 Rbc8 23. Rac1 Qf5 24. Qxf5 gxf5 25. c4 bxc4
26. Kf1 Nd5 0-1

[Event "ch-SCO"]
[Site "Edinburgh SCO"]
[Date "2003.04.08"]
[Round "4"]
[White "Kafka,G"]
[Black "Fraser,M"]
[Result "1-0"]
[WhiteElo "2103"]
[BlackElo "2186"]
[EventDate "2003.04.05"]

1. e4 e6 2. d4 d5 3. e5 c5 4. c3 Nc6 5. Nf3 Qb6 6. a3 Bd7 7. Be2 c4 8. Nbd2
Na5 9. g3 f6 10. O-O Nh6 11. Re1 Nf7 12. Bf1 O-O-O 13. Bh3 f5 14. Qe2 Re8
15. Nf1 Nb3 16. Rb1 Nxc1 17. Rexc1 g5 18. Bg2 g4 19. N3d2 Bh6 20. Ne3 Bxe3
21. Qxe3 Qc6 22. b3 b5 23. bxc4 bxc4 24. Rb4 Qa6 25. Rcb1 Bc6 26. Qe2 Nd8
27. Qe3 h6 28. f3 gxf3 29. Qxf3 Qxa3 30. Rb8+ Kc7 31. Nxc4 dxc4 32. Qxc6+
1-0

[Event "ch-SCO"]
[Site "Edinburgh SCO"]
[Date "2003.04.08"]
[Round "4"]
[White "Grant,A"]
[Black "MacDonald,C"]
[Result "1-0"]
[WhiteElo "2271"]
[BlackElo "2019"]
[EventDate "2003.04.05"]

1. Nf3 d5 2. e3 Nf6 3. b3 c5 4. Bb2 Nc6 5. Bb5 a6 6. Bxc6+ bxc6 7. Ne5 Qc7
8. O-O e6 9. f4 Bd6 10. d3 O-O 11. Nd2 Nd7 12. Qh5 g6 13. Ng4 d4 14. Qh4 h5
15. Nf6+ Nxf6 16. Qxf6 Be7 17. Qe5 Qxe5 18. fxe5 Bg5 19. Nc4 Bxe3+ 20. Nxe3
dxe3 21. Ba3 Rd8 22. Bxc5 Rd5 23. d4 a5 24. a4 Ba6 25. c4 Rd7 26. Rae1 Rb7
27. Rxe3 Rab8 28. Rff3 Kg7 29. h4 Kg8 30. Kh2 Kg7 31. Kh3 Rd8 32. Bd6 Re8
33. Rf4 Rh8 34. Kg3 Re8 35. Kf2 Rd8 36. Ke1 Re8 37. Kd2 Rd8 38. Kc3 Rc8 39.
Re1 Rb6 40. Ref1 Rb7 41. Rb1 Rb6 42. Rf2 Rb7 43. Rfb2 Rd8 44. g3 Kh6 45. b4
axb4+ 46. Rxb4 Ra7 47. Rb8 Rxb8 48. Rxb8 Rd7 49. Kb4 f6 50. exf6 g5 51. Kc5
1-0

[Event "ch-SCO"]
[Site "Edinburgh SCO"]
[Date "2003.04.08"]
[Round "4"]
[White "Arakhamia,K"]
[Black "Motwani,P"]
[Result "1/2-1/2"]
[WhiteElo "2413"]
[BlackElo "2528"]
[EventDate "2003.04.05"]

1. e4 e5 2. Nf3 Nc6 3. Bb5 a6 4. Ba4 Nf6 5. d3 d6 6. c3 g6 7. Nbd2 Bg7 8.
Nf1 O-O 9. Ng3 Qe7 10. h4 h5 11. Bg5 Nd8 12. Qd2 Ne6 13. Bb3 Nxg5 14. hxg5
Nh7 15. Nh4 Kh8 16. Nxh5 gxh5 17. g6 Qf6 18. gxh7 Bh6 19. Qe2 Bg4 20. f3
Bd7 21. g4 Kxh7 22. Ng2 hxg4 23. fxg4 Kg7 24. Kd1 Qg5 25. Rh4 Rh8 26. Kc2
Qg6 27. Rf1 f6 28. Rfh1 Bg5 29. Rh5 Rxh5 30. gxh5 Qh6 31. Nh4 Bxh4 32. Rxh4
Rh8 33. Rh2 Kf8 34. Qf3 Ke7 35. Kb1 Qg5 36. Rg2 Qxh5 37. Rg7+ Kd8 38. Rg8+
Ke7 39. Rg7+ Kd8 40. Rg8+ 1/2-1/2

[Event "ch-SCO"]
[Site "Edinburgh SCO"]
[Date "2003.04.08"]
[Round "4"]
[White "Burnett,A"]
[Black "Stevenson,J"]
[Result "1-0"]
[WhiteElo "2145"]
[BlackElo "2124"]
[EventDate "2003.04.05"]

1. e4 e5 2. Nc3 Nf6 3. g3 d5 4. exd5 Nxd5 5. Bg2 Nxc3 6. bxc3 Bd6 7. Nf3
O-O 8. O-O Nc6 9. Rb1 Qf6 10. d4 h6 11. Be3 Rb8 12. Nd2 Bd7 13. d5 Nd8 14.
c4 Qe7 15. Ne4 f5 16. c5 fxe4 17. cxd6 cxd6 18. Bxa7 Ra8 19. Be3 Bf5 20. c4
Rf6 21. Qc2 Qd7 22. Rfc1 Qa4 23. Qxa4 Rxa4 24. Rb2 Rf7 25. Bb6 Rd7 26. g4
Bg6 27. g5 Ra3 28. gxh6 Nf7 29. Rb3 Rxb3 30. axb3 gxh6 31. Bh3 Re7 32. Be6
Kh7 33. h4 Nh8 34. c5 dxc5 35. Bxc5 Re8 36. Bd6 Bf7 37. Bf5+ Bg6 38. Rc7+
Kg8 39. Bd7 Ra8 40. Bxe5 Nf7 41. Be6 Kf8 42. Bf4 Ra1+ 43. Kh2 b5 44. d6 Rd1
45. Rc8+ Kg7 46. d7 1-0

[Event "ch-SCO"]
[Site "Edinburgh SCO"]
[Date "2003.04.09"]
[Round "5"]
[White "Kafka,G"]
[Black "Arakhamia,K"]
[Result "0-1"]
[WhiteElo "2103"]
[BlackElo "2413"]
[EventDate "2003.04.05"]

1. e4 c5 2. Nf3 e6 3. d4 cxd4 4. Nxd4 Nf6 5. Nc3 d6 6. g3 a6 7. Bg2 Qc7 8.
O-O Nbd7 9. Re1 Be7 10. a4 O-O 11. Bf4 Ne5 12. Nf3 b6 13. Nxe5 dxe5 14. Bg5
Bb7 15. Qe2 h6 16. Be3 Bb4 17. Red1 Bxc3 18. bxc3 Bxe4 19. Bxe4 Nxe4 20.
Bxb6 Qc6 21. Qf3 f5 22. Ba5 Rfc8 23. Rab1 Rab8 24. Rxb8 Rxb8 25. h4 Rc8 26.
Ra1 Qd5 27. Bb4 Nxc3 28. Qh5 Ne4 29. Rd1 Qb7 30. Qg6 Nf6 31. c3 Qf7 32.
Qxf7+ Kxf7 33. Rd6 a5 34. Bxa5 Ra8 35. Bb6 Rxa4 36. Rc6 Nd5 37. Bc7 Nxc7
38. Rxc7+ Kf6 39. c4 e4 40. c5 h5 41. c6 Rc4 42. Rc8 Ke5 43. c7 Rc2 44. Kf1
e3 45. fxe3 Ke4 46. Ke1 Kf3 47. Kd1 Rc6 48. Kd2 Kxg3 49. Ke2 Kxh4 50. Kf3
g5 51. e4 Rc3+ 52. Kg2 fxe4 0-1